Ohio Cities A-Z - Statistics

General Stats
  • This quiz has been taken 83 times
    55 since last reset
  • The average score is 11 of 24
Answer Stats
Population Municipality or CDP % Correct
C 905,748 Columbus
98%
A 190,469 Akron
96%
D 137,644 Dayton
88%
T 270,871 Toledo
80%
X 25,441 Xenia
71%
Y 60,068 Youngstown
69%
Z 24,765 Zanesville
63%
P 81,146 Parma
59%
E 52,656 Elyria
57%
L 65,211 Lorain
55%
H 63,399 Hamilton
49%
N 49,934 Newark
43%
S 58,662 Springfield
43%
K 57,862 Kettering
37%
M 50,987 Middletown
31%
W 39,201 Warren
27%
F 44,907 Fairfield
22%
B 46,549 Beavercreek
18%
U 36,800 Upper Arlington
18%
V 15,209 Vandalia
18%
I 11,129 Ironton
14%
O 23,035 Oxford
14%
G 41,252 Grove City
12%
R 41,076 Reynoldsburg
12%
No matching quizzes found
Score Distribution
Percent of People with Each Score
Percentile by Number Answered
Your Score History
You have not taken this quiz since the last reset